000 00391nam a2200145Ia 4500
008 231129s2017||||xx |||||||||||||| ||spa||
020 _a978-958-8416-23-6
040 _bspa
082 _a(i) Co863 G886n
100 _aGrueso Romero Mary
245 0 _aLa niña en el espejo
260 _c2017
264 _aBogotá Colombia : Apidama
942 _2ddc
_cBKS
999 _c17730
_d17730